000 00794na a2200241 4500
001 13562
003 MIRAKIL
005 20181213154820.0
008 161102b tu 000 0
035 _a13562
040 _aMilas
_btur
_cTR-AnCHP
082 _a331.4126
_bÇ24 1999
090 _a331.4126 Ç24 1999
245 _aÇalışmaya hazır iş gücü olarak kentli kadın ve değişimi
_caraştırma grubu; Ahmet Demirel, ...(ve öte.)
260 _aAnkara
_bT.C. Başbakanlık Kadının Statüsü ve Sorunları Genel Müdürlüğü
_c1999
300 _axiii, 272 s.
_btbl.
_c23 sm.
504 _aKaynakça var.
650 _aKadınlar
_xSosyo ekonomik durum
_zTürkiye
650 _aKentli kadın
650 _aKadınlar
_xİstihdam
700 _aDemirel, Ahmet
942 _2ddc
_cBKS
999 _c1347
_d1347